Národná stratégia Slovenskej republiky pre digitálnu integráciu
Dokument, v ktorom MF SR informuje o situácii v oblasti digitálnej integrácie na Slovensku, stanovuje priority, odporúča opatrenia a aktivity, ktoré môžu pomôcť túto situáciu riešiť a prezentuje konkrétne kroky, ktoré sa v blízkej budúcnosti budú pre danú oblasť realizovať.
Gespeichert in:
| Format: | Buchkapitel |
|---|---|
| Sprache: | Slowakisch |
| Schlagworte: | |
| Tags: |
Keine Tags, Fügen Sie das erste Tag hinzu!
|
MARC
| LEADER | 00000naa$a2200000$$$4500 | ||
|---|---|---|---|
| 001 | 0089180 | ||
| 005 | 20231106074112.9 | ||
| 041 | 0 | |a slo | |
| 044 | |a SK | ||
| 245 | 1 | 0 | |a Národná stratégia Slovenskej republiky pre digitálnu integráciu |
| 520 | |a Dokument, v ktorom MF SR informuje o situácii v oblasti digitálnej integrácie na Slovensku, stanovuje priority, odporúča opatrenia a aktivity, ktoré môžu pomôcť túto situáciu riešiť a prezentuje konkrétne kroky, ktoré sa v blízkej budúcnosti budú pre danú oblasť realizovať. | ||
| 610 | 2 | 0 | |a starnutie populácie |
| 610 | 2 | 0 | |a digitalizácia |
| 610 | 2 | 0 | |a integrácia |
| 610 | 2 | 0 | |a kvalita života |
| 610 | 2 | 0 | |a spravodlivosť sociálna |
| 610 | 2 | 0 | |a informatizácia |
| 610 | 2 | 0 | |a spoločnosť |
| 610 | 2 | 0 | |a dokumenty |
| 610 | 2 | 0 | |a Slovensko |